| 000 | 00992nam a2200265 4500 | ||
|---|---|---|---|
| 003 | OSt | ||
| 005 | 20260530113909.0 | ||
| 008 | 260508t1974 mx ||||| |||| 00| 0 spa d | ||
| 040 |
_aICI _bspa _cICI |
||
| 041 | _aspa | ||
| 050 |
_aHD70.C5 _bB3218 |
||
| 100 | 1 |
_aBettelheim, Charles, _eautor _933161 |
|
| 245 | 1 | 0 |
_aRevolucion cultural y organizacion industrial en china / _cPor Charles bettelheim ; traducción de René Palacios more |
| 264 | 1 |
_aBuenos Aires : _bSiglo XXI, _c1974 |
|
| 300 | _a153 páginas | ||
| 336 |
_atexto _2rdacontent |
||
| 337 |
_asin medio _2rdamedia |
||
| 338 |
_avolumen _2rdacarrier |
||
| 500 | _aTraduccion de : revolution culturelle et organisation industrielle en chine | ||
| 650 | 4 |
_aAdministración industrial _zChina _933162 |
|
| 650 | 4 |
_aIndustria textil -- -- _xAdministración _zChina _933163 |
|
| 650 | 4 |
_aAdministración _xParticipación de los empleados _933164 |
|
| 700 | 1 |
_aPalacios More, René, _d1939- _etraductor _933165 |
|
| 942 |
_2lcc _cBK _n1 |
||
| 999 |
_c12066 _d12066 |
||